书目信息 |
| 题名: |
世界幼儿园设计典例
|
|
| 作者: | 帕科·阿森西奥 编 ;刘培善 译 | |
| 分册: | ||
| 出版信息: | 北京 中国水利水电出版社 2003.08 |
|
| 页数: | 190页 | |
| 开本: | 31cm | |
| 丛书名: | ||
| 单 册: | ||
| 中图分类: | TU244.1-64 , TU244.1 | |
| 科图分类: | ||
| 主题词: | 民用建筑--建筑设计 | |
| 电子资源: | ||
| ISBN: | 7-5084-1376-8 | |
| 000 | 00665nam0 2200205 45 | |
| 001 | 0354776752 | |
| 005 | 20080825160905.32 | |
| 010 | @a7-5084-1376-8@dCNY 146.00 | |
| 100 | @a20030310d2003 km y0chiy0120 ea | |
| 101 | 0 | @achi |
| 200 | 1 | @a世界幼儿园设计典例@Ashi jie you er yuan she ji dian li@f帕科·阿森西奥编@FPa Ke·A Sen Xi Ao Bian@g刘培善译@GLiu Pei Shan Yi |
| 210 | @a北京@c中国水利水电出版社@d2003.08 | |
| 215 | @a190页@d31cm | |
| 606 | 0 | @a民用建筑@x建筑设计 |
| 690 | @aTU244.1-64@v3 | |
| 690 | @aTU244.1@v4 | |
| 701 | 0 | @a帕科·阿森西奥@APa Ke·A Sen Xi Ao@4编 |
| 702 | 0 | @a刘培善@ALiu Pei Shan@4译 |
| 801 | 0 | @aCN@bPFT@c20080825 |
| 905 | @dTU244.1@eA177 | |
| 世界幼儿园设计典例/帕科·阿森西奥编/刘培善译.-北京:中国水利水电出版社,2003.08 |
| 190页;31cm |
| ISBN 7-5084-1376-8:CNY 146.00 |
| ● |
| 相关链接 |
|
|
|
正题名:世界幼儿园设计典例
索取号:TU244.1/A177
 
预约/预借
| 序号 | 登录号 | 条形码 | 馆藏地/架位号 | 状态 | 备注 |
| 1 | 372169 | 203721696 | 建筑库101/ [索取号:TU244.1/A177] | 在馆 | |
| 2 | 372170 | 203721703 | 建筑库101/ [索取号:TU244.1/A177] | 在馆 | |
| 3 | 714848 | 207148488 | 建筑库101/101建筑库 68排7列1层/ [索取号:TU244.1/A177] | 在馆 | |
| 4 | 714849 | 207148497 | 建筑库101/101建筑库 68排7列1层/ [索取号:TU244.1/A177] | 在馆 | |
| 5 | 714850 | 207148503 | 建筑库101/101建筑库 68排7列1层/ [索取号:TU244.1/A177] | 在馆 |